| 000 | 00509nam a22001817a 4500 | ||
|---|---|---|---|
| 005 | 20251108165011.0 | ||
| 008 | 250721s1973 xx 000 0 ara d | ||
| 082 | 1 | 4 | _a216/يوس |
| 100 | 1 | _aالقرضاوي، يوسف | |
| 245 | 1 | 0 | _aالحلال و الحرام في الإسلام / |
| 250 | _aط7. | ||
| 264 | 1 |
_aبيروت : _bالمكتب الإسلامي، _c1973. |
|
| 300 | _a351ص | ||
| 650 | 1 | 7 | _aالإسلام |
| 650 | 1 | 7 | _aالفقه الإسلامي |
| 942 |
_2ddc _cBK |
||
| 999 |
_c19516 _d19516 |
||